[Event "Adelaide Lidums op"]
[Site "Adelaide"]
[Date "2018.12.11"]
[Round "3"]
[White "Boldyrev, Nikita"]
[Black "Searle, Zachary"]
[Result "0-1"]
[WhiteElo "979"]
[BlackElo "1856"]
[PlyCount "64"]
[EventDate "2018.12.10"]
[EventType "swiss"]
[EventRounds "9"]
[EventCountry "AUS"]
[SourceTitle "EXT 2020"]
[Source "ChessBase"]
[SourceDate "2019.10.17"]
[SourceVersion "1"]
[SourceVersionDate "2019.10.17"]
[SourceQuality "1"]

1. d4 d5 2. c4 c6 3. Nc3 Nf6 4. Bf4 dxc4 5. e3 Nd5 6. Bg3 Qa5 7. Qa4 Qxa4 8. Nxa4 b5 9. Nc5 Na6 10. a4 Nxc5 11. dxc5 e5 12. Bxe5 Bxc5 13. axb5 Bb4+ 14. Kd1 cxb5 15. b3 Bf5 16. bxc4 Nc3+ 17. Bxc3 Bxc3 18. Ra3 b4 19. Ra5 0-0-0+ 20. Kc1 b3 21. Rc5+ Kb8 22. Rb5+ Kc7 23. Rxb3 Bd2+ 24. Kb2 Rb8 25. Nf3 Rxb3+ 26. Kxb3 Rb8+ 27. Ka3 Bc1+ 28. Ka4 Bd7+ 29. Ka5 Ba3 30. Nd4 Bb4+ 31. Ka6 Bc8+ 32. Kxa7 Bc5# 0-1

[Event "Canberra ANU op"]
[Site "Canberra"]
[Date "2009.07.26"]
[Round "5"]
[White "Guo, Emma"]
[Black "Searle, Zachary"]
[Result "0-1"]
[WhiteElo "1864"]
[BlackElo "1746"]
[PlyCount "84"]
[EventDate "2009.07.25"]
[EventType "swiss"]
[EventRounds "7"]
[EventCountry "AUS"]
[SourceTitle "EXT 2011"]
[Source "ChessBase"]
[SourceDate "2010.11.26"]
[SourceVersion "1"]
[SourceVersionDate "2010.11.26"]
[SourceQuality "1"]

1. d4 d5 2. Nf3 Nf6 3. Bf4 e6 4. e3 c5 5. c3 Nc6 6. Nbd2 Be7 7. Be2 Nh5 8. Be5 Nxe5 9. Nxe5 Nf6 10. 0-0 0-0 11. f4 Nd7 12. Nxd7 Bxd7 13. Nf3 Qc7 14. Bd3 cxd4 15. cxd4 Qb6 16. Rf2 Bb5 17. Bc2 f5 18. Ne5 Bf6 19. a4 Bxe5 20. fxe5 Be8 21. Rc1 Rc8 22. Rf1 Bg6 23. b3 Rc7 24. b4 Rfc8 25. Qd2 Rc3 26. Bd3 Qxb4 27. Rc2 Qb3 28. Rfc1 Rxc2 29. Bxc2 Qc3 30. Qf2 f4 31. exf4 Bxc2 32. f5 exf5 33. e6 Kf8 34. Qf4 Ke7 35. Qe5 g6 36. Re1 Be4 37. Qg7+ Kxe6 38. Qe5+ Kf7 39. Rf1 Qd2 40. Qg3 Rc2 41. Rf2 Qe1+ 42. Rf1 Qxg3 0-1

[Event "Canberra ANU op"]
[Site "Canberra"]
[Date "2009.07.25"]
[Round "1"]
[White "Ikeda, Junta"]
[Black "Searle, Zachary"]
[Result "1-0"]
[WhiteElo "2272"]
[BlackElo "1746"]
[PlyCount "49"]
[EventDate "2009.07.25"]
[EventType "swiss"]
[EventRounds "7"]
[EventCountry "AUS"]
[SourceTitle "EXT 2011"]
[Source "ChessBase"]
[SourceDate "2010.11.26"]
[SourceVersion "1"]
[SourceVersionDate "2010.11.26"]
[SourceQuality "1"]

1. d4 d5 2. Nf3 Nf6 3. c4 c6 4. Nc3 e6 5. e3 Nbd7 6. Qc2 Be7 7. g4 dxc4 8. Bxc4 Nd5 9. a3 Nxc3 10. bxc3 c5 11. Bd3 g6 12. h4 f5 13. h5 Bf6 14. g5 Bg7 15. e4 b6 16. exf5 exf5 17. Bf4 Bb7 18. 0-0-0 Bxf3 19. Rhe1+ Ne5 20. h6 Bxh6 21. gxh6 0-0 22. Bxe5 Bxd1 23. Bc4+ Rf7 24. Bxf7+ Kxf7 25. Qa2+ 1-0

[Event "Adelaide Freytag op"]
[Site "Adelaide"]
[Date "2009.07.04"]
[Round "3"]
[White "Guo, Emma"]
[Black "Searle, Zachary"]
[Result "1-0"]
[WhiteElo "1864"]
[BlackElo "1746"]
[PlyCount "71"]
[EventDate "2009.07.04"]
[EventType "swiss"]
[EventRounds "7"]
[EventCountry "AUS"]
[SourceTitle "EXT 2023"]
[Source "ChessBase"]
[SourceDate "2022.10.05"]
[SourceVersion "1"]
[SourceVersionDate "2022.10.05"]
[SourceQuality "1"]

1. e4 c5 2. Nc3 Nc6 3. f4 e6 4. Nf3 d5 5. Bb5 Nge7 6. d3 a6 7. Bxc6+ Nxc6 8. 0-0 Be7 9. Qe1 0-0 10. a3 b5 11. Qg3 c4 12. e5 Bc5+ 13. Kh1 Ne7 14. d4 Ba7 15. Ne2 a5 16. c3 Qb6 17. Bd2 Ba6 18. Qh3 b4 19. axb4 axb4 20. g4 bxc3 21. Bxc3 Bc8 22. Ng5 h6 23. Nf3 Bd7 24. Rg1 Qb3 25. g5 h5 26. Qxh5 g6 27. Qh3 Kg7 28. Qh6+ Kg8 29. Ng3 Bb6 30. Raf1 Ba5 31. Bxa5 Rxa5 32. Nh5 gxh5 33. g6 fxg6 34. Rxg6+ Nxg6 35. Qxg6+ Kh8 36. Qxh5+ 1-0

[Event "Oceania zt"]
[Site "Gold Coast"]
[Date "2009.06.25"]
[Round "8"]
[White "Searle, Zachary"]
[Black "Norris, Damian C"]
[Result "1-0"]
[WhiteElo "1791"]
[BlackElo "2142"]
[PlyCount "73"]
[EventDate "2009.06.20"]
[EventType "swiss"]
[EventRounds "9"]
[EventCountry "AUS"]
[SourceTitle "CBM 130 Extra"]
[Source "ChessBase"]
[SourceDate "2009.07.02"]
[SourceVersion "2"]
[SourceVersionDate "2009.07.15"]
[SourceQuality "1"]

1. e4 e6 2. d4 d5 3. exd5 exd5 4. c4 Nf6 5. Nc3 Bb4 6. Bd3 0-0 7. Nge2 dxc4 8. Bxc4 c5 9. d5 a6 10. a4 h6 11. 0-0 Nbd7 12. Bf4 Nb6 13. b3 Bg4 14. f3 Bf5 15. Qd2 Re8 16. Qb2 Kh7 17. Rad1 Qd7 18. h4 Rad8 19. g4 Bxg4 20. fxg4 Qxg4+ 21. Ng3 Nh5 22. Be2 Bxc3 23. Qc2+ Qg6 24. Bd3 Bd4+ 25. Kh1 Nxf4 26. Rxf4 Nxd5 27. Bxg6+ fxg6 28. Rg4 Re6 29. Rxg6 Ne3 30. Qd3 Rxg6 31. h5 Nxd1 32. hxg6+ Kg8 33. Qxd1 Rd6 34. Qg4 Bf6 35. Ne4 Rd4 36. Qe6+ Kf8 37. Qf7# 1-0

[Event "Oceania zt"]
[Site "Gold Coast"]
[Date "2009.06.24"]
[Round "7"]
[White "Krstev, Antonio"]
[Black "Searle, Zachary"]
[Result "1-0"]
[WhiteElo "2056"]
[BlackElo "1791"]
[PlyCount "71"]
[EventDate "2009.06.20"]
[EventType "swiss"]
[EventRounds "9"]
[EventCountry "AUS"]
[SourceTitle "CBM 130 Extra"]
[Source "ChessBase"]
[SourceDate "2009.07.02"]
[SourceVersion "2"]
[SourceVersionDate "2009.07.15"]
[SourceQuality "1"]

1. d4 d5 2. c4 c6 3. Nc3 e6 4. e3 Nf6 5. a3 Nbd7 6. Bd3 dxc4 7. Bxc4 b5 8. Bd3 a6 9. b4 e5 10. Nf3 exd4 11. exd4 Nd5 12. 0-0 Be7 13. Nxd5 cxd5 14. Qc2 Nf6 15. Bg5 Qb6 16. Rac1 Be6 17. Rfe1 Rc8 18. Qxc8+ Bxc8 19. Rxc8+ Kd7 20. Rxh8 Ne4 21. Bxe4 dxe4 22. Ne5+ Ke6 23. Bxe7 Kxe7 24. Rxe4 Qc7 25. Nd3+ Kf6 26. Nc5 a5 27. g3 axb4 28. axb4 Qa7 29. Rxh7 Qa1+ 30. Kg2 Kg6 31. Rh8 Qa2 32. Rd8 f5 33. Rd6+ Kf7 34. Rd7+ Kf8 35. Ree7 Qa8+ 36. d5 1-0

[Event "Oceania zt"]
[Site "Gold Coast"]
[Date "2009.06.22"]
[Round "6"]
[White "Searle, Zachary"]
[Black "Weller, Tony"]
[Result "1-0"]
[WhiteElo "1791"]
[BlackElo "1987"]
[PlyCount "133"]
[EventDate "2009.06.20"]
[EventType "swiss"]
[EventRounds "9"]
[EventCountry "AUS"]
[SourceTitle "CBM 130 Extra"]
[Source "ChessBase"]
[SourceDate "2009.07.02"]
[SourceVersion "2"]
[SourceVersionDate "2009.07.15"]
[SourceQuality "1"]

1. e4 c5 2. Nf3 e6 3. d4 cxd4 4. Nxd4 Bc5 5. Nb3 Bb6 6. Bc4 Ne7 7. Nc3 a6 8. 0-0 Nbc6 9. Bg5 0-0 10. Kh1 f6 11. Bf4 Bc7 12. Bxc7 Qxc7 13. a4 b6 14. f4 Bb7 15. Qe2 f5 16. e5 Ng6 17. Rad1 Nh4 18. Rf2 Nb4 19. Kg1 Rac8 20. Bd3 Kh8 21. Nd4 Qc5 22. Nb3 Qc7 23. Nd4 Rg8 24. Qh5 Qd8 25. g3 Ng2 26. Rxg2 Bxg2 27. Kxg2 g5 28. Qf3 gxf4 29. Qxf4 Rg4 30. Qf2 Nxd3 31. Rxd3 Qc7 32. h3 Rg6 33. Qf4 Rcg8 34. Nce2 Qc4 35. Nb3 Qxc2 36. Nbc1 Qxb2 37. Rb3 Qc2 38. Rc3 Qb2 39. Rb3 Qc2 40. Rc3 Qe4+ 41. Qxe4 fxe4 42. Re3 d5 43. exd6 Rd8 44. Rxe4 Rxd6 45. Nf4 Rf6 46. Ncd3 Kg8 47. h4 Kf7 48. Ne5+ Ke7 49. Nc4 Rd1 50. Nxb6 Kd6 51. Nc4+ Kc5 52. Nxe6+ Kd5 53. Ng5 Ra1 54. Ne3+ Kc6 55. Nxh7 Ra2+ 56. Kh3 Rd6 57. Ng5 Rd3 58. Nf5 Rda3 59. Re6+ Kb7 60. Ne4 a5 61. Nc5+ Kb8 62. Nd6 Rf3 63. Nb5 Rf8 64. Nd7+ Ka8 65. Nxf8 Rxa4 66. Nd7 Rb4 67. Rb6 1-0

[Event "Adelaide Queen's Birthday op"]
[Site "Adelaide"]
[Date "2009.06.07"]
[Round "6"]
[White "Mdinaradze, Edgar"]
[Black "Searle, Zachary"]
[Result "1-0"]
[WhiteElo "1853"]
[BlackElo "1746"]
[PlyCount "59"]
[EventDate "2009.06.06"]
[EventType "swiss"]
[EventRounds "6"]
[EventCountry "AUS"]
[SourceTitle "EXT 2023"]
[Source "ChessBase"]
[SourceDate "2022.10.05"]
[SourceVersion "1"]
[SourceVersionDate "2022.10.05"]
[SourceQuality "1"]

1. c4 c6 2. Nf3 d5 3. b3 Nf6 4. Bb2 Bf5 5. d3 e6 6. Nbd2 Nbd7 7. g3 Be7 8. Bg2 0-0 9. Nh4 Bg4 10. h3 Bh5 11. g4 Bg6 12. Nxg6 hxg6 13. e4 dxe4 14. d4 Bb4 15. 0-0 Bxd2 16. Qxd2 Ne5 17. g5 Nh7 18. h4 Nf3+ 19. Bxf3 exf3 20. Qe3 f6 21. Qxe6+ Kh8 22. d5 fxg5 23. Qxg6 Nf6 24. hxg5 Rg8 25. Bxf6 Qe8 26. Qxe8 Raxe8 27. Bd4 Re4 28. Be3 g6 29. Kh2 Kg7 30. Kg3 1-0

[Event "Doeberl Cup Major 47th"]
[Site "Canberra"]
[Date "2009.04.10"]
[Round "2"]
[White "Yu, Michael"]
[Black "Searle, Zachary"]
[Result "1-0"]
[WhiteElo "1948"]
[BlackElo "1705"]
[PlyCount "77"]
[EventDate "2009.04.10"]
[EventType "swiss"]
[EventRounds "6"]
[EventCountry "AUS"]
[SourceTitle "CBM 129 Extra"]
[Source "ChessBase"]
[SourceDate "2009.05.05"]
[SourceVersion "2"]
[SourceVersionDate "2009.05.20"]
[SourceQuality "1"]

1. e4 c5 2. Nf3 Nc6 3. d4 cxd4 4. Nxd4 Nf6 5. Nc3 e5 6. Ndb5 d6 7. Bg5 a6 8. Na3 b5 9. Nd5 Be7 10. Bxf6 Bxf6 11. c3 0-0 12. Be2 Bg5 13. 0-0 Be6 14. Nc2 Ne7 15. Ncb4 Kh8 16. Nxe7 Qxe7 17. a4 bxa4 18. Rxa4 a5 19. Nc6 Qc7 20. Bb5 Qb6 21. c4 Bd8 22. Qxd6 Bc7 23. Qd3 f5 24. Rfa1 fxe4 25. Qe2 Qc5 26. b4 Qb6 27. c5 Qb7 28. Nxa5 Bxa5 29. Rxa5 Rxa5 30. Rxa5 e3 31. Qxe3 Bd5 32. f3 e4 33. fxe4 Bxe4 34. Qd2 Qf7 35. Ra1 Qb7 36. Bf1 Rb8 37. Bc4 Bg6 38. b5 Qe7 39. Qf2 1-0

[Event "South Australia-ch"]
[Site "Adelaide"]
[Date "2009.03.31"]
[Round "8"]
[White "Mdinaradze, Edgar"]
[Black "Searle, Zachary"]
[Result "1/2-1/2"]
[WhiteElo "1971"]
[BlackElo "1777"]
[PlyCount "146"]
[EventDate "2009.02.10"]
[EventType "tourn"]
[EventRounds "9"]
[EventCountry "AUS"]
[SourceTitle "EXT 2023"]
[Source "ChessBase"]
[SourceDate "2022.10.05"]
[SourceVersion "1"]
[SourceVersionDate "2022.10.05"]
[SourceQuality "1"]

1. e4 c5 2. Nf3 Nc6 3. d4 cxd4 4. Nxd4 Nf6 5. Nc3 e5 6. Ndb5 d6 7. Bg5 a6 8. Na3 b5 9. Nd5 Be7 10. Bxf6 Bxf6 11. c3 0-0 12. Nc2 Bg5 13. a4 Rb8 14. axb5 axb5 15. Be2 Be6 16. 0-0 Bxd5 17. Qxd5 Ne7 18. Qb3 Qb6 19. Nb4 Ra8 20. Nd5 Nxd5 21. Qxd5 Rab8 22. Rfd1 Rfd8 23. Ra3 Qc5 24. b4 Qxd5 25. Rxd5 Ra8 26. Rxa8 Rxa8 27. Rxb5 g6 28. Ra5 Rc8 29. b5 Rxc3 30. b6 Rc1+ 31. Bf1 Rb1 32. Rb5 Rxb5 33. Bxb5 Bd8 34. b7 Bc7 35. Bc4 Kf8 36. Kf1 Ke7 37. Ke2 f5 38. f3 Bb8 39. Kd3 h6 40. Bb5 Kd8 41. Bc6 Ke7 42. Kc4 Kd8 43. Bd5 Ke7 44. Kb5 Kd8 45. Kb6 Ke7 46. Bc4 Kd8 47. Be6 fxe4 48. fxe4 Ke7 49. Bd5 Kd8 50. Kc6 Ke7 51. Bc4 Kd8 52. Bf7 g5 53. Bh5 Ke7 54. Bg4 Kd8 55. Kd5 Ke7 56. Kc4 Bc7 57. Kd3 Bb8 58. Ke2 Kd8 59. h3 Kc7 60. Bc8 h5 61. Kf3 Ba7 62. Kg3 Be3 63. h4 Bf4+ 64. Kh3 Be3 65. g3 Bd2 66. Kg2 gxh4 67. gxh4 Be1 68. Kh3 Bf2 69. b8Q+ Kxb8 70. Be6 Kc7 71. Bf7 Kc6 72. Bxh5 d5 73. Bf3 dxe4 1/2-1/2

[Event "South Australia-ch"]
[Site "Adelaide"]
[Date "2009.02.26"]
[Round "4"]
[White "Searle, Zachary"]
[Black "Cloudsdale, Colin"]
[Result "1-0"]
[WhiteElo "1777"]
[BlackElo "2138"]
[PlyCount "59"]
[EventDate "2009.02.10"]
[EventType "tourn"]
[EventRounds "9"]
[EventCountry "AUS"]
[SourceTitle "EXT 2023"]
[Source "ChessBase"]
[SourceDate "2022.10.05"]
[SourceVersion "1"]
[SourceVersionDate "2022.10.05"]
[SourceQuality "1"]

1. e4 c5 2. Nf3 e6 3. d4 cxd4 4. Nxd4 Nf6 5. Nc3 Nc6 6. Ndb5 d6 7. Bf4 e5 8. Bg5 a6 9. Na3 b5 10. Nd5 Qa5+ 11. Bd2 Qd8 12. Bg5 Qa5+ 13. Bd2 Qd8 14. Bg5 Be6 15. c4 Qa5+ 16. Bd2 b4 17. Bd3 Rb8 18. Nc2 Qc5 19. Nc7+ Kd8 20. Nxa6 Qb6 21. Nxb8 Qxb8 22. 0-0 Be7 23. Qe1 Kd7 24. Nxb4 Rc8 25. Nd5 Ke8 26. Bc3 Qa7 27. b4 Bd8 28. a4 Nd4 29. Kh1 Kf8 30. a5 1-0

[Event "AUS-ch U18"]
[Site "Adelaide"]
[Date "2009.01.09"]
[Round "8"]
[White "Cameron, Alistair"]
[Black "Searle, Zachary"]
[Result "1-0"]
[WhiteElo "1596"]
[BlackElo "1692"]
[PlyCount "51"]
[EventDate "2009.01.02"]
[EventType "swiss"]
[EventRounds "11"]
[EventCountry "AUS"]
[SourceTitle "CBM 128 Extra"]
[Source "ChessBase"]
[SourceDate "2009.03.05"]
[SourceVersion "2"]
[SourceVersionDate "2009.03.25"]
[SourceQuality "1"]

1. d4 d5 2. c4 c6 3. Nf3 Nf6 4. Nc3 e6 5. Bg5 h6 6. Bh4 dxc4 7. e4 g5 8. Bg3 b5 9. Be2 Bb7 10. 0-0 Nbd7 11. Qc2 Nh5 12. Rad1 g4 13. Ne5 Nxg3 14. hxg3 Nxe5 15. dxe5 Qc7 16. Bxg4 Qxe5 17. f4 Qc7 18. e5 h5 19. Bh3 Be7 20. f5 exf5 21. Qxf5 Bc5+ 22. Kh2 h4 23. Ne4 hxg3+ 24. Kh1 Bc8 25. Nf6+ Ke7 26. Nd5+ 1-0